000 00651cam a2200229 4500
001 J281
008 090401t1991 xxu||||| |||| 00| 0 eng d
035 _a(Sirsi) u74227
041 _aeng
050 _a695
110 _aBritish Flat Roofing Council
_92158
245 _aTechnical information sheets.
250 _aRevised ed.
260 _aNottingham
_bBritish Flat Roofing Council
_c1991
300 _a(90)p. : ill. ; 30cm.
350 _a0
650 _aFLAT ROOFS
650 _aBUILT ENVIRONMENT-BUILDING ELEMENTS-COMPLETE BUILDING ELEMENTS-ROOFS
690 _aBUILT ENVIRONMENT-CONSTRUCTION DESIGN
942 _n0
948 _c04/03/1997
999 _c95790
_d95790